Tune up your TOEIC : Reading (RC 1000)

Gespeichert in:
Bibliographische Detailangaben
1. Verfasser: Lim, Dong Chan
Format: Buch
Sprache:Undetermined
Veröffentlicht: Tp. Hồ Chí Minh Tổng hợp Tp. Hồ Chí Minh; Công ty Nhân Trí Việt 2016
Schlagworte:
Online Zugang:http://lrc.tdmu.edu.vn/opac/search/detail.asp?aID=2&ID=33263
Tags: Tag hinzufügen
Keine Tags, Fügen Sie den ersten Tag hinzu!
Thư viện lưu trữ: Trung tâm Học liệu Trường Đại học Thủ Dầu Một
LEADER 00662nam a2200193Ia 4500
001 TDMU_33263
008 210410s9999 xx 000 0 und d
082 |a 780 
090 |b L310 
100 |a Lim, Dong Chan 
245 0 |a Tune up your TOEIC : Reading (RC 1000) 
245 0 |c Lim Dong Chan 
260 |a Tp. Hồ Chí Minh 
260 |b Tổng hợp Tp. Hồ Chí Minh; Công ty Nhân Trí Việt 
260 |c 2016 
300 |a 318p. 
650 |a Tiếng Anh  |x Kỹ năng đọc hiểu  |x Toeic 
856 |u http://lrc.tdmu.edu.vn/opac/search/detail.asp?aID=2&ID=33263 
980 |a Trung tâm Học liệu Trường Đại học Thủ Dầu Một